|
|
|
|
| LEADER |
00000nas a2200000 a 4500 |
| 001 |
ssj0001817 |
| 003 |
WaSeSS |
| 005 |
20200512172242.0 |
| 006 |
m d |
| 007 |
cr n |
| 008 |
991222c19979999gw qx pss 0 a0eng c |
| 010 |
|
|
|a 2001229195
|
| 016 |
7 |
|
|a 1459210-1
|2 DE-600
|
| 016 |
7 |
|
|a 013089703
|2 Uk
|
| 022 |
|
|
|a 1432-1300
|l 1432-1300
|y 1432-5012
|
| 035 |
|
|
|a (WaSeSS)ssj0001817
|
| 040 |
|
|
|a VPI
|b eng
|e pn
|c VPI
|d AAA
|d FUG
|d OCLCQ
|d OCL
|d OCLCQ
|d UKMGB
|d OCLCQ
|d OCLCF
|d OCLCO
|d OCLCQ
|d WT2
|d EZC
|d OCLCQ
|d DLC
|d AU@
|d VT2
|d NJT
|d UKBTH
|d OCLCO
|d OCLCA
|d SCB
|d OCLCQ
|d OCLCA
|d WaSeSS
|
| 042 |
|
|
|a pcc
|
| 050 |
0 |
0 |
|a ZA4080
|
| 082 |
0 |
4 |
|a 025.00285
|
| 210 |
0 |
|
|a Int. j. digit. libr.
|b (Internet)
|
| 222 |
|
0 |
|a International journal on digital libraries
|b (Internet)
|
| 245 |
0 |
0 |
|a International journal on digital libraries
|h [electronic resource].
|
| 246 |
3 |
|
|a International journal of digital libraries
|
| 246 |
3 |
0 |
|a Digital libraries
|
| 260 |
|
|
|a Berlin :
|b Springer,
|c 1997-
|
| 310 |
|
|
|a Four issues yearly,
|b <1998>-
|
| 321 |
|
|
|a Quarterly,
|b 1997-<1998>
|
| 362 |
0 |
|
|a Vol. 1, no. 1 (Apr. 1997)-
|
| 500 |
|
|
|a Title from journal home page (viewed June 18, 2001).
|
| 506 |
|
|
|a License restrictions may limit access.
|
| 515 |
|
|
|a Some issues combined.
|
| 538 |
|
|
|a Mode of access: World Wide Web.
|
| 588 |
1 |
|
|a Vol. 19, nos. 2/3 (Sept. 2018) (SpringerLink website, viewed Oct. 10, 2018).
|
| 650 |
|
0 |
|a Digital libraries
|v Periodicals.
|
| 650 |
|
0 |
|a Libraries
|x Automation
|v Periodicals.
|
| 650 |
|
0 |
|a Information storage and retrieval systems
|v Periodicals.
|
| 650 |
|
2 |
|a Information Storage and Retrieval.
|
| 650 |
|
2 |
|a Internet.
|
| 650 |
|
2 |
|a Libraries.
|
| 650 |
|
2 |
|a Library Automation.
|
| 650 |
|
7 |
|a Digital libraries.
|2 fast
|0 (OCoLC)fst00893704
|
| 650 |
|
7 |
|a Information storage and retrieval systems.
|2 fast
|0 (OCoLC)fst00972781
|
| 650 |
|
7 |
|a Libraries
|x Automation.
|2 fast
|0 (OCoLC)fst00997347
|
| 655 |
|
0 |
|a Electronic journals.
|
| 776 |
1 |
|
|t International journal on digital libraries
|x 1432-5012
|w (DLC) 97652255
|w (OCoLC)37716090
|
| 850 |
|
|
|a DLC
|a FU
|
| 856 |
4 |
0 |
|z Full text available from Research Library: 08/01/2004 to 1 year ago
|u https://search.proquest.com/publication/54113
|